[Event "DEM U8 2025"]
[Site "Willingen GER"]
[Date "2025.06.11"]
[Round "1"]
[White "Dold, Emil"]
[Black "Lassak, Max"]
[Result "1/2-1/2"]
[Termination "normal"]
[Board "14"]
[WhiteElo "1245"]
[BlackElo "1025"]
[WhiteClock "00:29:48"]
[BlackClock "00:38:08"]
[PlyCount "108"]
[EventCountry "GER"]
[EventRounds "7"]
[EventType "swiss"]
[EventDate "2025.06.10"]

1. e4 {[%clk 01:00:28]} e5 {[%clk 01:00:17]} {[%emt 00:00:14]} 2. Nf3 {[%clk
01:00:32]} {[%emt 00:00:11]} Nc6 {[%clk 01:00:20]} {[%emt 00:00:13]} 3. Bc4
{[%clk 01:00:35]} {[%emt 00:00:12]} Bc5 {[%clk 01:00:21]} {[%emt 00:00:13]} 4.
c3 {[%clk 01:00:34]} {[%emt 00:00:16]} Nf6 {[%clk 01:00:25]} {[%emt 00:00:11]}
5. d4 {[%clk 01:00:35]} {[%emt 00:00:14]} exd4 {[%clk 01:00:13]} {[%emt
00:00:27]} 6. O-O {[%clk 01:00:28]} {[%emt 00:00:22]} Nxe4 {[%clk 00:59:50]}
{[%emt 00:00:38]} 7. cxd4 {[%clk 01:00:06]} {[%emt 00:00:36]} Bb4 {[%clk
00:59:30]} {[%emt 00:00:34]} 8. Qe2 {[%clk 00:59:25]} {[%emt 00:00:57]} d5
{[%clk 00:59:16]} {[%emt 00:00:29]} 9. Bd3 {[%clk 00:58:54]} {[%emt 00:00:45]}
Bf5 {[%clk 00:58:49]} {[%emt 00:00:43]} 10. Ng5 {[%clk 00:57:54]} {[%emt
00:01:15]} Nxd4 {[%clk 00:57:52]} {[%emt 00:01:13]} 11. Qe3 {[%clk 00:57:06]}
{[%emt 00:01:02]} Bc5 {[%clk 00:57:06]} {[%emt 00:01:03]} 12. Nxe4 {[%clk
00:56:02]} {[%emt 00:01:18]} dxe4 {[%clk 00:56:52]} {[%emt 00:00:28]} 13. Bxe4
{[%clk 00:55:12]} {[%emt 00:01:06]} Bxe4 {[%clk 00:56:44]} {[%emt 00:00:23]}
14. Qxe4+ {[%clk 00:55:03]} {[%emt 00:00:24]} Qe7 {[%clk 00:55:43]} {[%emt
00:01:16]} 15. Qxb7 {[%clk 00:53:04]} {[%emt 00:02:15]} O-O {[%clk 00:54:13]}
{[%emt 00:01:44]} 16. Nc3 {[%clk 00:52:37]} {[%emt 00:00:43]} Rfe8 {[%clk
00:53:09]} {[%emt 00:01:17]} 17. Bf4 {[%clk 00:52:08]} {[%emt 00:00:39]} Rac8
{[%clk 00:53:03]} {[%emt 00:00:25]} 18. Nd5 {[%clk 00:51:14]} {[%emt 00:01:08]}
Qd7 {[%clk 00:51:51]} {[%emt 00:01:30]} 19. Kh1 {[%clk 00:49:23]} {[%emt
00:02:04]} Bd6 {[%clk 00:51:21]} {[%emt 00:00:47]} 20. Bxd6 {[%clk 00:48:20]}
{[%emt 00:01:18]} Qxd6 {[%clk 00:51:09]} {[%emt 00:00:26]} 21. Rad1 {[%clk
00:46:06]} {[%emt 00:02:29]} c5 {[%clk 00:50:24]} {[%emt 00:01:01]} 22. b4
{[%clk 00:44:26]} {[%emt 00:01:55]} Kh8 {[%clk 00:49:55]} {[%emt 00:00:43]} 23.
Qxf7 {[%clk 00:44:07]} {[%emt 00:00:35]} Rf8 {[%clk 00:49:33]} {[%emt
00:00:30]} 24. Qb7 {[%clk 00:43:13]} {[%emt 00:01:16]} Rb8 {[%clk 00:49:08]}
{[%emt 00:00:37]} 25. Qxa7 {[%clk 00:42:10]} {[%emt 00:01:20]} Qxd5 {[%clk
00:49:06]} {[%emt 00:00:17]} 26. Qxc5 {[%clk 00:41:43]} {[%emt 00:00:43]} Qxc5
{[%clk 00:49:00]} {[%emt 00:00:23]} 27. bxc5 {[%clk 00:41:33]} {[%emt
00:00:23]} Nc6 {[%clk 00:48:43]} {[%emt 00:00:33]} 28. a4 {[%clk 00:41:17]}
{[%emt 00:00:29]} Ra8 {[%clk 00:48:32]} {[%emt 00:00:27]} 29. Ra1 {[%clk
00:41:11]} {[%emt 00:00:22]} Rfc8 {[%clk 00:48:30]} {[%emt 00:00:17]} 30. f4
{[%clk 00:40:56]} {[%emt 00:00:29]} h6 {[%clk 00:48:22]} {[%emt 00:00:24]} 31.
f5 {[%clk 00:40:44]} {[%emt 00:00:26]} Nd4 {[%clk 00:48:15]} {[%emt 00:00:22]}
32. Rf4 {[%clk 00:40:00]} {[%emt 00:00:58]} Nb3 {[%clk 00:47:41]} {[%emt
00:00:48]} 33. Ra3 {[%clk 00:39:20]} {[%emt 00:00:55]} Nxc5 {[%clk 00:47:33]}
{[%emt 00:00:23]} 34. Rc4 {[%clk 00:38:43]} {[%emt 00:00:53]} Nd3 {[%clk
00:44:37]} {[%emt 00:03:11]} 35. Rac3 {[%clk 00:37:43]} {[%emt 00:01:16]} Rxc4
{[%clk 00:43:29]} {[%emt 00:01:24]} 36. Rxc4 {[%clk 00:37:42]} {[%emt
00:00:16]} Nb2 {[%clk 00:43:31]} {[%emt 00:00:12]} 37. Rc1 {[%clk 00:35:34]}
{[%emt 00:02:22]} Rxa4 {[%clk 00:43:23]} {[%emt 00:00:25]} 38. h3 {[%clk
00:35:29]} {[%emt 00:00:20]} Rf4 {[%clk 00:43:02]} {[%emt 00:00:36]} 39. g4
{[%clk 00:35:16]} {[%emt 00:00:27]} Nd3 {[%clk 00:42:55]} {[%emt 00:00:22]} 40.
Rg1 {[%clk 00:34:34]} {[%emt 00:00:40]} Kg8 {[%clk 00:42:37]} {[%emt 00:00:50]}
41. Kh2 {[%clk 00:33:58]} {[%emt 00:00:49]} Ne5 {[%clk 00:41:23]} {[%emt
00:01:28]} 42. Kg3 {[%clk 00:33:33]} {[%emt 00:00:40]} Re4 {[%clk 00:41:07]}
{[%emt 00:00:35]} 43. Rf1 {[%clk 00:32:58]} {[%emt 00:00:47]} Kf7 {[%clk
00:40:53]} {[%emt 00:00:31]} 44. Rf4 {[%clk 00:32:37]} {[%emt 00:00:36]} Rxf4
{[%clk 00:38:52]} {[%emt 00:02:17]} 45. Kxf4 {[%clk 00:32:34]} {[%emt
00:00:17]} Nxg4 {[%clk 00:38:48]} {[%emt 00:00:20]} 46. hxg4 {[%clk 00:32:09]}
{[%emt 00:00:39]} Kf6 {[%clk 00:38:40]} {[%emt 00:00:23]} 47. Kg3 {[%emt
00:00:42]} g6 {[%emt 00:00:57]} 48. fxg6 {[%clk 00:30:30]} {[%emt 00:00:14]}
Kxg6 {[%clk 00:38:27]} {[%emt 00:00:30]} 49. Kh4 {[%clk 00:30:17]} {[%emt
00:00:28]} Kh7 {[%clk 00:37:55]} {[%emt 00:00:47]} 50. Kh5 {[%clk 00:30:20]}
{[%emt 00:00:11]} Kg7 {[%clk 00:38:00]} {[%emt 00:00:10]} 51. Kh4 {[%clk
00:30:14]} {[%emt 00:00:21]} Kg6 {[%clk 00:38:07]} {[%emt 00:00:09]} 52. Kg3
{[%clk 00:30:13]} {[%emt 00:00:16]} Kg5 {[%clk 00:38:08]} {[%emt 00:00:14]} 53.
Kh3 {[%clk 00:29:48]} {[%emt 00:00:39]} h5 {[%clk 00:38:08]} {[%emt 00:00:16]}
54. gxh5 {[%emt 00:00:19]} Kxh5 {[%emt 00:00:20]} 1/2-1/2

[Event "DEM U8 2025"]
[Site "Willingen GER"]
[Date "2025.06.11"]
[Round "1"]
[White "Weller, Markus"]
[Black "Geiß, Janus Michael"]
[Result "1/2-1/2"]
[Termination "normal"]
[Board "16"]
[WhiteElo "1239"]
[BlackElo "1000"]
[WhiteClock "00:51:15"]
[BlackClock "00:47:19"]
[PlyCount "40"]
[WhiteFideId "533033838"]
[EventCountry "GER"]
[EventRounds "7"]
[EventType "swiss"]
[EventDate "2025.06.10"]

1. Nf3 {[%clk 01:00:17]} {[%emt 00:00:12]} d5 {[%clk 01:00:09]} {[%emt
00:00:22]} 2. g3 {[%clk 00:59:57]} {[%emt 00:00:34]} Nf6 {[%clk 00:59:58]}
{[%emt 00:00:26]} 3. d4 {[%clk 00:59:37]} {[%emt 00:00:35]} Nc6 {[%clk
00:59:58]} {[%emt 00:00:16]} 4. Nc3 {[%clk 00:59:34]} {[%emt 00:00:17]} Bf5
{[%clk 00:59:31]} {[%emt 00:00:42]} 5. a3 {[%clk 00:59:11]} {[%emt 00:00:38]}
Qd7 {[%clk 00:59:20]} {[%emt 00:00:27]} 6. Bg2 {[%clk 00:59:17]} {[%emt
00:00:08]} O-O-O {[%clk 00:59:26]} {[%emt 00:00:09]} 7. O-O {[%clk 00:58:43]}
{[%emt 00:00:50]} e6 {[%clk 00:58:35]} {[%emt 00:01:06]} 8. Nh4 {[%clk
00:58:43]} {[%emt 00:00:14]} Bg4 {[%clk 00:58:23]} {[%emt 00:00:27]} 9. Qd3
{[%clk 00:58:28]} {[%emt 00:00:30]} e5 {[%clk 00:57:50]} {[%emt 00:00:48]} 10.
e3 {[%clk 00:57:56]} {[%emt 00:00:47]} e4 {[%clk 00:57:44]} {[%emt 00:00:21]}
11. Qb5 {[%clk 00:56:46]} {[%emt 00:01:24]} g5 {[%clk 00:57:25]} {[%emt
00:00:35]} 12. f3 {[%clk 00:56:40]} {[%emt 00:00:22]} Be6 {[%clk 00:57:21]}
{[%emt 00:00:19]} 13. fxe4 {[%clk 00:56:06]} {[%emt 00:00:48]} gxh4 {[%clk
00:56:44]} {[%emt 00:00:52]} 14. Rxf6 {[%clk 00:56:05]} {[%emt 00:00:16]} h3
{[%clk 00:55:47]} {[%emt 00:01:12]} 15. exd5 {[%clk 00:55:02]} {[%emt
00:01:18]} hxg2 {[%clk 00:55:21]} {[%emt 00:00:40]} 16. dxe6 {[%clk 00:54:10]}
{[%emt 00:01:07]} fxe6 {[%clk 00:55:19]} {[%emt 00:00:17]} 17. Kxg2 {[%clk
00:54:04]} {[%emt 00:00:21]} Bg7 {[%clk 00:50:37]} {[%emt 00:04:57]} 18. Rf4
{[%clk 00:53:17]} {[%emt 00:01:03]} Rhf8 {[%clk 00:49:25]} {[%emt 00:01:24]}
19. Qg5 {[%clk 00:51:51]} {[%emt 00:01:45]} Rxf4 {[%clk 00:47:55]} {[%emt
00:01:45]} 20. Qxf4 {[%clk 00:51:15]} {[%emt 00:00:51]} Rf8 {[%clk 00:47:19]}
{[%emt 00:00:50]} 1/2-1/2

[Event "DEM U8 2025"]
[Site "Willingen GER"]
[Date "2025.06.11"]
[Round "1"]
[White "Pott, Philipp"]
[Black "Gerhardt, Noah"]
[Result "0-1"]
[Termination "normal"]
[Board "17"]
[WhiteElo "994"]
[BlackElo "1205"]
[WhiteClock "00:08:44"]
[BlackClock "00:26:59"]
[PlyCount "106"]
[WhiteFideId "533031975"]
[BlackFideId "34696083"]
[EventCountry "GER"]
[EventRounds "7"]
[EventType "swiss"]
[EventDate "2025.06.10"]

1. e4 {[%clk 01:00:26]} {[%emt 00:00:03]} e5 {[%clk 01:00:22]} {[%emt
00:00:08]} 2. Nc3 {[%clk 01:00:32]} {[%emt 00:00:09]} Nf6 {[%emt 00:00:09]} 3.
Bc4 {[%clk 01:00:35]} {[%emt 00:00:10]} Bc5 {[%clk 01:00:28]} {[%emt 00:00:17]}
4. Nf3 {[%clk 00:59:58]} {[%emt 00:00:52]} Nc6 {[%emt 00:00:16]} 5. O-O {[%clk
00:59:38]} {[%emt 00:00:33]} O-O {[%emt 00:00:11]} 6. d3 {[%clk 00:59:24]}
{[%emt 00:00:27]} h6 {[%clk 01:00:42]} {[%emt 00:00:07]} 7. Bd2 {[%clk
00:57:51]} {[%emt 00:01:49]} d6 {[%clk 01:00:45]} {[%emt 00:00:13]} 8. Na4
{[%clk 00:55:37]} {[%emt 00:02:28]} Bb6 {[%clk 01:00:28]} {[%emt 00:00:32]} 9.
c3 {[%clk 00:53:13]} {[%emt 00:02:39]} Bg4 {[%clk 00:59:25]} {[%emt 00:01:18]}
10. Re1 {[%clk 00:45:54]} {[%emt 00:07:34]} Ne7 {[%clk 00:54:27]} {[%emt
00:05:13]} 11. h3 {[%clk 00:44:14]} {[%emt 00:01:56]} Bh5 {[%clk 00:53:49]}
{[%emt 00:00:52]} 12. g4 {[%clk 00:43:51]} {[%emt 00:00:37]} Bg6 {[%clk
00:53:41]} {[%emt 00:00:24]} 13. Nh4 {[%clk 00:43:50]} {[%emt 00:00:15]} Bh7
{[%clk 00:53:26]} {[%emt 00:00:30]} 14. Nxb6 {[%clk 00:36:44]} {[%emt
00:07:22]} axb6 {[%clk 00:53:24]} {[%emt 00:00:17]} 15. f3 {[%clk 00:33:19]}
{[%emt 00:03:40]} Nc6 {[%clk 00:53:01]} {[%emt 00:00:39]} 16. Nf5 {[%clk
00:25:16]} {[%emt 00:08:18]} Ne7 {[%clk 00:52:07]} {[%emt 00:01:08]} 17. Nxe7+
{[%clk 00:23:30]} {[%emt 00:02:01]} Qxe7 {[%clk 00:52:13]} {[%emt 00:00:08]}
18. h4 {[%clk 00:22:40]} {[%emt 00:01:05]} Nd7 {[%clk 00:51:27]} {[%emt
00:01:01]} 19. g5 {[%clk 00:21:39]} {[%emt 00:01:17]} h5 {[%clk 00:49:34]}
{[%emt 00:02:09]} 20. f4 {[%clk 00:20:09]} {[%emt 00:01:44]} g6 {[%clk
00:46:43]} {[%emt 00:03:07]} 21. f5 {[%clk 00:19:35]} {[%emt 00:00:49]} c6
{[%clk 00:45:46]} {[%emt 00:01:12]} 22. f6 {[%clk 00:18:45]} {[%emt 00:01:04]}
Qd8 {[%clk 00:44:02]} {[%emt 00:01:58]} 23. a3 {[%clk 00:17:50]} {[%emt
00:01:12]} Qc8 {[%clk 00:43:33]} {[%emt 00:00:44]} 24. d4 {[%clk 00:16:58]}
{[%emt 00:01:06]} b5 {[%clk 00:41:19]} {[%emt 00:02:29]} 25. Bb3 {[%clk
00:16:50]} {[%emt 00:00:23]} Nb6 {[%emt 00:01:48]} 26. dxe5 {[%clk 00:16:40]}
{[%emt 00:00:17]} dxe5 {[%clk 00:39:58]} {[%emt 00:00:12]} 27. Be3 {[%clk
00:16:40]} {[%emt 00:00:13]} Na4 {[%clk 00:38:39]} {[%emt 00:01:35]} 28. Qc2
{[%clk 00:14:44]} {[%emt 00:02:10]} Qg4+ {[%clk 00:36:07]} {[%emt 00:02:47]}
29. Qg2 {[%clk 00:14:05]} {[%emt 00:00:54]} Qxg2+ {[%clk 00:35:41]} {[%emt
00:00:42]} 30. Kxg2 {[%clk 00:14:07]} {[%emt 00:00:12]} Nxb2 {[%clk 00:35:42]}
{[%emt 00:00:15]} 31. Rab1 {[%clk 00:13:17]} {[%emt 00:01:05]} Na4 {[%clk
00:34:28]} {[%emt 00:01:29]} 32. Bxa4 {[%clk 00:13:15]} {[%emt 00:00:17]} Rxa4
{[%clk 00:34:31]} {[%emt 00:00:13]} 33. Red1 {[%clk 00:13:02]} {[%emt
00:00:25]} Rxe4 {[%clk 00:34:01]} {[%emt 00:00:47]} 34. Bf2 {[%clk 00:12:35]}
{[%emt 00:00:41]} Rc4 {[%clk 00:33:21]} {[%emt 00:00:55]} 35. Rbc1 {[%clk
00:12:14]} {[%emt 00:00:36]} e4 {[%emt 00:02:02]} 36. Rd7 {[%clk 00:11:46]}
{[%emt 00:00:27]} e3 {[%clk 00:30:02]} {[%emt 00:02:02]} 37. Bxe3 {[%clk
00:11:07]} {[%emt 00:00:55]} Rxh4 {[%clk 00:29:45]} {[%emt 00:00:32]} 38. Rxb7
{[%clk 00:11:08]} {[%emt 00:00:13]} Re8 {[%clk 00:29:12]} {[%emt 00:00:49]} 39.
Bf2 {[%clk 00:10:45]} {[%emt 00:00:38]} Rg4+ {[%clk 00:29:07]} {[%emt
00:00:20]} 40. Kf3 {[%clk 00:10:26]} {[%emt 00:00:33]} Rxg5 {[%clk 00:28:43]}
{[%emt 00:00:40]} 41. Bh4 {[%clk 00:10:24]} {[%emt 00:00:16]} Rf5+ {[%clk
00:28:38]} {[%emt 00:00:21]} 42. Kg3 {[%clk 00:10:17]} {[%emt 00:00:22]} g5
{[%clk 00:28:17]} {[%emt 00:00:36]} 43. Bxg5 {[%clk 00:09:52]} {[%emt
00:00:39]} Rxg5+ {[%clk 00:28:22]} {[%emt 00:00:10]} 44. Kf4 {[%clk 00:09:45]}
{[%emt 00:00:21]} Rf5+ {[%clk 00:28:25]} {[%emt 00:00:14]} 45. Kg3 {[%clk
00:09:35]} {[%emt 00:00:25]} Rxf6 {[%clk 00:28:27]} {[%emt 00:00:13]} 46. Kh3
{[%clk 00:09:37]} {[%emt 00:00:13]} Re3+ {[%clk 00:28:28]} {[%emt 00:00:15]}
47. Kg2 {[%clk 00:09:32]} {[%emt 00:00:19]} Be4+ {[%clk 00:28:08]} {[%emt
00:00:35]} 48. Kh2 {[%clk 00:09:18]} {[%emt 00:00:28]} Rg6 {[%clk 00:26:59]}
{[%emt 00:01:25]} 49. Rb8+ {[%clk 00:09:11]} {[%emt 00:00:21]} Kg7 {[%clk
00:27:03]} {[%emt 00:00:12]} 50. Rg1 {[%clk 00:09:02]} {[%emt 00:00:23]} Re2+
{[%clk 00:26:54]} {[%emt 00:00:24]} 51. Kh3 {[%clk 00:09:02]} {[%emt 00:00:17]}
Rxg1 {[%clk 00:26:59]} {[%emt 00:00:10]} 52. c4 {[%clk 00:08:41]} {[%emt
00:00:36]} Bf5+ {[%clk 00:26:51]} {[%emt 00:00:23]} 53. Kh4 {[%clk 00:08:44]}
{[%emt 00:00:11]} Rh2# {[%clk 00:26:59]} {[%emt 00:00:07]} 0-1

[Event "DEM U8 2025"]
[Site "Willingen GER"]
[Date "2025.06.11"]
[Round "1"]
[White "Richter, Felix"]
[Black "Dimitrov, Simeon"]
[Result "0-1"]
[Termination "normal"]
[Board "18"]
[WhiteElo "1201"]
[BlackElo "992"]
[WhiteClock "00:59:24"]
[BlackClock "00:52:13"]
[PlyCount "42"]
[WhiteFideId "533043663"]
[BlackFideId "533028214"]
[EventCountry "GER"]
[EventRounds "7"]
[EventType "swiss"]
[EventDate "2025.06.10"]

1. e4 {[%clk 01:00:30]} {[%emt 00:17:24]} e5 {[%clk 01:00:27]} {[%emt
00:00:03]} 2. f4 {[%clk 01:00:40]} {[%emt 00:00:05]} f6 {[%clk 01:00:22]}
{[%emt 00:00:20]} 3. fxe5 {[%clk 01:00:41]} {[%emt 00:00:15]} fxe5 {[%clk
01:00:17]} {[%emt 00:00:19]} 4. Qh5+ {[%clk 01:00:50]} {[%emt 00:00:05]} g6
{[%clk 01:00:04]} {[%emt 00:00:27]} 5. Qxe5+ {[%clk 01:01:00]} {[%emt
00:00:06]} Qe7 {[%clk 00:59:30]} {[%emt 00:00:49]} 6. Qxh8 {[%clk 01:01:04]}
{[%emt 00:00:12]} Qh4+ {[%clk 00:59:25]} {[%emt 00:00:19]} 7. Kd1 {[%clk
01:00:53]} {[%emt 00:00:27]} Ne7 {[%clk 00:59:04]} {[%emt 00:00:35]} 8. Nf3
{[%clk 01:00:57]} {[%emt 00:00:11]} Qxe4 {[%clk 00:58:46]} {[%emt 00:00:31]} 9.
Qe5 {[%emt 00:01:30]} Qg4 {[%clk 00:57:56]} {[%emt 00:00:35]} 10. Qg3 {[%clk
01:00:45]} {[%emt 00:00:42]} Qf5 {[%clk 00:57:04]} {[%emt 00:01:04]} 11. Bd3
{[%clk 01:00:33]} {[%emt 00:00:32]} Qe6 {[%clk 00:56:37]} {[%emt 00:00:36]} 12.
Re1 {[%clk 01:00:41]} {[%emt 00:00:12]} Qf6 {[%clk 00:56:20]} {[%emt 00:00:22]}
13. Qg5 {[%clk 01:00:43]} {[%emt 00:00:24]} Qxg5 {[%emt 00:00:31]} 14. Bxg6+
{[%clk 01:00:44]} {[%emt 00:00:02]} Qxg6 {[%clk 00:56:00]} {[%emt 00:00:27]}
15. Nc3 {[%clk 01:00:41]} {[%emt 00:00:22]} d6 {[%clk 00:55:35]} {[%emt
00:00:38]} 16. Nd5 {[%clk 01:00:25]} {[%emt 00:00:34]} Nbc6 {[%clk 00:55:23]}
{[%emt 00:00:23]} 17. Nxc7+ {[%clk 01:00:36]} {[%emt 00:00:08]} Kd7 {[%clk
00:54:51]} {[%emt 00:00:41]} 18. Nxa8 {[%clk 01:00:48]} {[%emt 00:00:09]} Kd8
{[%clk 00:53:22]} {[%emt 00:01:41]} 19. d3 {[%clk 01:00:47]} {[%emt 00:00:19]}
Qxg2 {[%clk 00:52:52]} {[%emt 00:00:39]} 20. Ng1 {[%clk 00:59:53]} {[%emt
00:01:15]} Nd4 {[%clk 00:52:13]} {[%emt 00:00:53]} 21. Be3 {[%clk 00:59:24]}
{[%emt 00:00:44]} Qxc2# {[%emt 00:00:34]} 0-1

[Event "DEM U8 2025"]
[Site "Willingen GER"]
[Date "2025.06.11"]
[Round "1"]
[White "Falck, Aaron"]
[Black "Fuchs, Louis Joel"]
[Result "0-1"]
[Termination "normal"]
[Board "19"]
[WhiteElo "989"]
[BlackElo "1175"]
[WhiteClock "00:08:33"]
[BlackClock "00:52:16"]
[PlyCount "62"]
[WhiteFideId "533031002"]
[EventCountry "GER"]
[EventRounds "7"]
[EventType "swiss"]
[EventDate "2025.06.10"]

1. e4 {[%clk 01:00:28]} e5 {[%clk 01:00:27]} {[%emt 00:00:04]} 2. Nf3 {[%clk
01:00:26]} {[%emt 00:00:16]} Nf6 {[%clk 01:00:34]} {[%emt 00:00:09]} 3. Nxe5
{[%clk 00:59:58]} {[%emt 00:00:41]} Nxe4 {[%clk 01:00:42]} {[%emt 00:00:09]} 4.
Nf3 {[%clk 00:57:57]} {[%emt 00:02:17]} Nc6 {[%clk 01:00:41]} {[%emt 00:00:11]}
5. Bc4 {[%clk 00:57:33]} {[%emt 00:00:43]} Qe7 {[%clk 01:00:48]} {[%emt
00:00:08]} 6. O-O {[%clk 00:57:01]} {[%emt 00:00:44]} g6 {[%clk 01:00:50]}
{[%emt 00:00:16]} 7. Re1 {[%clk 00:56:30]} Bg7 {[%clk 01:00:47]} {[%emt
00:01:04]} 8. d3 {[%clk 00:56:02]} O-O {[%clk 01:00:51]} {[%emt 00:00:50]} 9.
Rxe4 {[%clk 00:55:42]} Qd6 {[%clk 01:00:51]} {[%emt 00:00:54]} 10. Nc3 {[%clk
00:54:11]} b6 {[%clk 01:00:33]} {[%emt 00:02:19]} 11. Bf4 {[%clk 00:51:25]} Qf6
{[%clk 01:00:30]} {[%emt 00:03:20]} 12. Re1 {[%clk 00:49:01]} Qxf4 {[%clk
01:00:25]} {[%emt 00:02:58]} 13. Qe2 {[%clk 00:44:36]} Bb7 {[%clk 01:00:23]}
{[%emt 00:04:56]} 14. Nd5 {[%clk 00:41:03]} Qd6 {[%clk 01:00:10]} {[%emt
00:04:17]} 15. Nc3 {[%clk 00:39:47]} Rfe8 {[%clk 01:00:11]} {[%emt 00:01:45]}
16. Qd2 {[%clk 00:38:45]} Na5 {[%clk 00:59:35]} {[%emt 00:02:09]} 17. Nb5
{[%clk 00:30:50]} Qc5 {[%clk 00:59:01]} {[%emt 00:08:59]} 18. Qf4 {[%clk
00:27:32]} Nxc4 {[%clk 00:58:44]} {[%emt 00:04:03]} 19. dxc4 {[%clk 00:27:10]}
{[%emt 00:00:39]} c6 {[%clk 00:57:59]} {[%emt 00:01:00]} 20. Rxe8+ {[%clk
00:24:58]} {[%emt 00:02:27]} Rxe8 {[%clk 00:57:59]} {[%emt 00:00:15]} 21. Nd6
{[%clk 00:24:21]} {[%emt 00:00:51]} Re2 {[%clk 00:57:21]} {[%emt 00:00:32]} 22.
Rf1 {[%clk 00:22:44]} {[%emt 00:02:13]} Ba6 {[%clk 00:56:57]} {[%emt 00:00:40]}
23. Ng5 {[%clk 00:20:03]} {[%emt 00:02:56]} f5 {[%clk 00:55:16]} {[%emt
00:01:15]} 24. g4 {[%clk 00:18:31]} {[%emt 00:02:27]} Be5 {[%clk 00:55:21]}
{[%emt 00:00:11]} 25. Qf3 {[%clk 00:16:56]} {[%emt 00:01:50]} Rxc2 {[%clk
00:55:08]} {[%emt 00:00:28]} 26. gxf5 {[%clk 00:16:21]} {[%emt 00:00:49]} Qxd6
{[%clk 00:55:00]} {[%emt 00:00:22]} 27. Qh3 {[%clk 00:14:26]} {[%emt 00:02:10]}
Qe7 {[%clk 00:54:41]} {[%emt 00:00:34]} 28. f4 {[%clk 00:12:32]} {[%emt
00:02:10]} Bxf4 {[%clk 00:54:32]} {[%emt 00:00:24]} 29. f6 {[%clk 00:12:12]}
{[%emt 00:00:34]} Qxf6 {[%clk 00:54:02]} {[%emt 00:00:46]} 30. Qxh7+ {[%clk
00:08:52]} {[%emt 00:03:35]} Kf8 {[%clk 00:52:54]} {[%emt 00:00:13]} 31. Qh4
{[%clk 00:08:33]} {[%emt 00:01:45]} Qxg5+ {[%clk 00:52:16]} {[%emt 00:00:53]}
0-1

[Event "DEM U8 2025"]
[Site "Willingen GER"]
[Date "2025.06.11"]
[Round "1"]
[White "Siegel, Vitus"]
[Black "Rieland, Hannes"]
[Result "1/2-1/2"]
[Termination "normal"]
[Board "20"]
[WhiteElo "1169"]
[BlackElo "1487"]
[WhiteClock "00:18:51"]
[BlackClock "00:25:50"]
[PlyCount "66"]
[WhiteFideId "34694102"]
[BlackFideId "533022208"]
[EventCountry "GER"]
[EventRounds "7"]
[EventType "swiss"]
[EventDate "2025.06.10"]

1. e4 {[%clk 01:00:25]} {[%emt 00:00:04]} e5 {[%clk 01:00:20]} {[%emt
00:00:11]} 2. Nf3 {[%clk 01:00:18]} {[%emt 00:00:21]} Nc6 {[%clk 01:00:29]}
{[%emt 00:00:07]} 3. Nc3 {[%emt 00:00:29]} Nf6 {[%clk 01:00:31]} {[%emt
00:00:01]} 4. Bb5 {[%clk 01:00:10]} {[%emt 00:00:20]} Nd4 {[%clk 01:00:16]}
{[%emt 00:00:31]} 5. Nxe5 {[%clk 00:55:57]} {[%emt 00:04:27]} Nxe4 {[%clk
00:54:43]} {[%emt 00:05:49]} 6. Nxe4 {[%clk 00:51:35]} {[%emt 00:04:37]} Nxb5
{[%clk 00:54:40]} {[%emt 00:00:18]} 7. O-O {[%clk 00:48:51]} {[%emt 00:02:59]}
Be7 {[%clk 00:52:21]} {[%emt 00:02:34]} 8. Qh5 {[%clk 00:44:06]} {[%emt
00:05:00]} O-O {[%emt 00:01:43]} 9. Nxf7 {[%clk 00:41:21]} {[%emt 00:02:57]}
Rxf7 {[%clk 00:48:52]} {[%emt 00:02:19]} 10. Qxb5 {[%clk 00:41:20]} {[%emt
00:00:14]} d5 {[%clk 00:47:30]} {[%emt 00:01:39]} 11. Nc3 {[%clk 00:40:02]}
{[%emt 00:01:33]} c6 {[%clk 00:46:33]} {[%emt 00:01:12]} 12. Qe2 {[%clk
00:39:03]} {[%emt 00:01:13]} Bf5 {[%clk 00:43:40]} {[%emt 00:03:09]} 13. d3
{[%clk 00:36:58]} {[%emt 00:02:21]} Bd6 {[%clk 00:43:02]} {[%emt 00:00:51]} 14.
Be3 {[%clk 00:35:13]} {[%emt 00:02:01]} Qh4 {[%clk 00:41:51]} {[%emt 00:01:25]}
15. g3 {[%clk 00:32:56]} {[%emt 00:02:32]} Qh3 {[%clk 00:40:31]} {[%emt
00:01:36]} 16. f3 {[%clk 00:30:50]} {[%emt 00:02:22]} Re8 {[%clk 00:39:04]}
{[%emt 00:01:39]} 17. Qf2 {[%clk 00:29:01]} {[%emt 00:02:05]} Bg4 {[%clk
00:38:06]} {[%emt 00:01:14]} 18. f4 {[%clk 00:27:47]} {[%emt 00:01:27]} Rf5
{[%clk 00:35:19]} {[%emt 00:03:03]} 19. Rae1 {[%clk 00:26:28]} {[%emt
00:01:35]} a6 {[%clk 00:33:30]} {[%emt 00:02:05]} 20. Qg2 {[%clk 00:25:11]}
{[%emt 00:01:31]} c5 {[%clk 00:32:05]} {[%emt 00:01:42]} 21. d4 {[%clk
00:24:08]} {[%emt 00:01:17]} Qxg2+ {[%clk 00:30:31]} {[%emt 00:01:47]} 22. Kxg2
{[%clk 00:23:14]} {[%emt 00:01:10]} Rxe3 {[%clk 00:27:36]} {[%emt 00:03:11]}
23. Rxe3 {[%clk 00:22:29]} {[%emt 00:00:59]} cxd4 {[%clk 00:27:16]} {[%emt
00:00:35]} 24. Re8+ {[%clk 00:22:30]} {[%emt 00:00:14]} Kf7 {[%clk 00:27:23]}
{[%emt 00:00:08]} 25. Rd8 {[%clk 00:22:15]} {[%emt 00:00:12]} Be7 {[%clk
00:27:19]} {[%emt 00:00:37]} 26. Rxd5 {[%clk 00:21:16]} {[%emt 00:01:14]} dxc3
{[%clk 00:26:36]} {[%emt 00:00:58]} 27. Rxf5+ {[%clk 00:20:36]} {[%emt
00:00:55]} Bxf5 {[%clk 00:26:11]} {[%emt 00:00:40]} 28. bxc3 {[%clk 00:20:16]}
{[%emt 00:00:34]} Bxc2 {[%clk 00:26:12]} {[%emt 00:00:14]} 29. Rc1 {[%clk
00:19:50]} {[%emt 00:00:39]} Be4+ {[%clk 00:26:00]} {[%emt 00:00:30]} 30. Kf1
{[%clk 00:18:45]} {[%emt 00:01:15]} Bd3+ {[%clk 00:25:34]} {[%emt 00:00:47]}
31. Kg2 {[%clk 00:18:39]} {[%emt 00:00:21]} Be4+ {[%clk 00:25:30]} {[%emt
00:00:19]} 32. Kf1 {[%clk 00:18:45]} {[%emt 00:00:08]} Bd3+ {[%clk 00:25:40]}
{[%emt 00:00:06]} 33. Kg2 {[%clk 00:18:51]} {[%emt 00:00:08]} Be4+ {[%clk
00:25:50]} {[%emt 00:00:06]} 1/2-1/2